Представление документа в формате MARC21

Поле Инд. ПП Название Значение
Тип записи a
Библиографический уровень b
001 Контрольный номер RU/IS/BASE/503080369
005 Дата корректировки 20240801132342.3
008 Кодируемые данные 20151210
040 b Код языка каталог. rus
e Правила каталог. PSBO
041 0_ a Код языка текста rus
084 a Индекс другой классификации/Индекс ББК 87.3(2)61-07
100 1_ a Автор Федотов Г. П.
q Полное имя Федотов Георгий Петрович
245 10 a Заглавие О гении
600 14 a Персоналии Федотов Георгий Петрович
650 14 a Основная рубрика история философии
a Основная рубрика философия
653 1_ a Ключевые слова "О гении"
a Ключевые слова XX век
a Ключевые слова гениальность
a Ключевые слова гении
a Ключевые слова религиозная философия
a Ключевые слова Россия
a Ключевые слова русское зарубежье
a Ключевые слова философская антропология (философия человека)
773 08 t Заглавие источника Вопросы философии
d Дата издания источника 2015
g Прочая информация № 3. - С. 118 - 121
w Контрольный № источника RU/IS/BASE/480789515
901 t Тип документа b